000 00771cam a2200229 4500
001 ABS61899
008 000000n2000 000 0 eng u
035 _a(Sirsi) u104332
100 _aAtkinson, D.
245 _aHow to bridge the office gap
260 _c2000
490 _aEstates Gazette
_v(0004) 29 January 2000 123-124(2)
520 _a"Office IQ 2000" provides a framework of information for property advisors assisting clients considering relocation. (Available from Property Futures Ltd, priced £200 plus vat, 0207 613 8800)
590 _aABS
650 _aRELOCATION
650 _aSPACE REQUIREMENTS
650 _aCOST
650 _aSPACE AUDIT
650 _aACCOMMODATION REQUIREMENTS
690 _aPROPERTY-COMMERCIAL PROPERTY
942 _n0
999 _c62595
_d62595